| 000 | 00492cab a2200193 4500 | ||
|---|---|---|---|
| 001 | X2764 | ||
| 008 | 090401t1990 xxu||||| |||| 00| 0 eng d | ||
| 035 | _a(Sirsi) u26130 | ||
| 041 | _aeng | ||
| 100 | _aAnstey, J. | ||
| 245 | _aView from the boundary : Party walls in 1907 | ||
| 260 | _c1990 | ||
| 350 | _a0 | ||
| 490 |
_aStructural Survey _v9 (2) Autumn 1990 173-176(4) |
||
| 650 | _aLONDON BUILDING ACTS | ||
| 690 | _aPROPERTY LAW AND PRACTICE | ||
| 942 | _n0 | ||
| 948 | _c04/03/1997 | ||
| 999 |
_c17536 _d17536 |
||